000 00743nam a2200253Ia 4500
003 OSt
005 20220925224813.0
006 a|||||r|||| 00| 0
007 ta
008 220923b |||||||| |||| 00| 0 eng d
020 _a0 7100 7458 1
037 _cGeneral Book
040 _aRTL
_cRTL
_beng
041 _2eng
_aeng
082 _aT:(R), L3
100 _aDoyle James F Ed.
_9291477
245 0 _aEducational judgements
_b Papers in the philosophy
260 _aLondon
_bRoutledge and Kegan Paul U. K.
_c1973
300 _ax, 266p.
_ccm.
490 _aInternational Library of the Philosophy of Education
650 _aEducation
942 _hT:(R), L3
_cGB
_2CC
999 _c582213
_d582213